00297nam a2200121Ia 4500008004100000082001600041100001400057245004800071250000900119260002300128300000800151650001600159191201s2005 xx 000 0 und d a005.26bPAM aPAL, Ajit 0aMicroprocessors Principles and Applications a16th aN.DelhibTMHc2005 a332 aB.Tech(CSE)